000 00537nam a2200217 a 4500
001 0001-2018
003 ELIB.Books
008 190612 2010 eng
020 _aKBTS
092 _a248
_bSim
100 _aSimpson, Scott.
245 _aFocus the Name of the Game
260 _aNashville
_bCountryman
_c1999
300 _a100
_c21 Cm
650 _aChristian Life
856 _nKBTS Library
_uKBTS Elib
942 _2ddc
_cBK
990 _a1
998 _aEnglishbooks.elf
_ccat
_e2019-06-12
999 _c12018
_d12018